000 00781nam a2200181Ia 4500
008 090630s9999 xx 000 0 und d
082 _b21347
100 _aटॉमी रॉड्रीक अनु. पोखरकर प्रशांत.
245 _aबँक रॉबरी.
_cटॉमी रॉड्रीक अनु. पोखरकर प्रशांत.
260 _bपुष्प.
_c2001
300 _a120
600 _aटॉमी रॉड्रीक अनु. पोखरकर प्रशांत.
630 _aबँक रॉबरी.
655 _aकादंबरी.
700 _aटॉमी रॉड्रीक अनु. पोखरकर प्रशांत.
730 _aबँक रॉबरी.
942 _cBOOK
999 _c273203
_d273203